000 01402nam2a2200277 4500
001 RU\NLR\BIBL_A\016344049
005 20250625050836.0
010 _a978-5-238-03678-6
_bт. 2
021 _aRU
_b2023-15128
_9КН-П-1506
035 _a(RuMoRGB)011642824
035 _a(NLR Aleph) 016344049
090 _a13100631
_c13100631
100 _a20230414d2023 |||y0rusy50 ca
101 0 _arus
102 _aRU
105 _ay z 000zy
200 0 _aТ. 2
210 _d2023
_aБ. м.
215 _a287 с.
461 0 _1001RU\NLR\BIBL_A\016342161
_12001#$aЭволюция следствия в России$eсборник трудов 2020-2022 гг.$eв 2 томах$fА. И. Бастрыкин$vТ. 2
_1700#1$aБастрыкин$bА. И.$cд-р юрид. наук$f1953-$gАлександр Иванович$3RU\NLR\AUTH\770173374
_913095197
_aБастрыкин, А. И. (д-р юрид. наук ; 1953-)
_cМосква
_d2023
_fА. И. Бастрыкин
_nЮНИТИ
_oсборник трудов 2020-2022 гг. : в 2 томах
_tЭволюция следствия в России
_y9785238036762
_vТ. 2
601 0 1 _aРоссийская Федерация
_bСледственный комитет
_jСборники
_xДеятельность
_92459930
_3RU\NLR\AUTH\6601679302
686 1 _aХ629.14я43
942 _cBOOK
980 _aNB